000
00367nam a22001577a 4500
003
MPLRDC
005
20220104143228.0
008
210129b ||||| |||| 00| 0 eng d
082
_a
997.4 ZZZ
100
_a
张子禅
245
_a
猜谜与推理
_c
260
_a
_b
旋风出版社
_c
300
_b
平
650
_a
智力游戏--谜语
942
_c
BK
_o
997.4 ZZZ
999
_c
37859
_d
37849